00435nam a22001937a 450000500170000001000110001702000100002803500110003803700160004904000120006508200120007710000180008924500280010726000380013527000120017330000200018565000240020565000120022920170124110104.0 a994738 c00.00 a994738 bCen Lib/Ret aDPLbEN aN-bFER aFerber, Edna  aGiant /cby Edna Ferber aLondon bThe Companion Book Club  bLondon  a384p.c17cm(Hb) aEnglish literature  aNovels